The impersonal campus /

Bibliographic Details
Main Author: Smith, Virginia B.
Other Authors: Bernstein, Alison R., 1947-2016
Format: Book
Language:English
Published: San Francisco : Jossey-Bass Publishers, 1979.
Edition:1st ed.
Series:Jossey-Bass series in higher education.
Subjects:

MARC

Tag First Indicator Second Indicator Subfields
LEADER 00000cam a2200000 i 4500
001 in00000050146
005 20181006063341.0
008 091204s1979 cau b 00110 eng
010 |a  79084069  
020 |a 0875893597 
035 |a (OCoLC)05145792 
035 |9 AAE2681AM 
040 |a DLC  |c DLC  |d TXA  |d UtOrBLW 
049 |a TXAM  |c [1191849] 
050 0 0 |a LB2327  |b .S6 
082 0 |a 378.1/542 
100 1 |a Smith, Virginia B. 
245 1 4 |a The impersonal campus /  |c Virginia B. Smith, Alison R. Bernstein. 
250 |a 1st ed. 
264 1 |a San Francisco :  |b Jossey-Bass Publishers,  |c 1979. 
300 |a xviii, 137 pages ;  |c 24 cm. 
336 |a text  |b txt  |2 rdacontent 
337 |a unmediated  |b n  |2 rdamedia 
338 |a volume  |b nc  |2 rdacarrier 
490 1 |a The Jossey-Bass series in higher education 
500 |a Includes index. 
504 |a Bibliography: pages 119-127. 
650 0 |a Small colleges. 
700 1 |a Bernstein, Alison R.,  |d 1947-2016. 
830 0 |a Jossey-Bass series in higher education. 
999 |a MARS 
999 f f |s fd043598-226a-3969-b65e-98733f0a39f5  |i 35945cb6-dea3-37c8-989d-6a8599ae1163  |t 0 
952 f f |p normal  |a Texas A&M University  |b College Station  |c Sterling C. Evans Library  |d Evans: Library Stacks  |t 0  |e LB2327 .S6  |h Library of Congress classification  |i unmediated -- volume  |m A14803278675 
998 f f |a LB2327 .S6  |t 0  |l Evans: Library Stacks